|
|
|
|
| LEADER |
00943nam a2200229 a 4500 |
| 001 |
GR-Patra26539 |
| 003 |
GR-PaULI |
| 005 |
20240208130003.0 |
| 008 |
020717s2003 gr g b 001 b eng d |
| 020 |
|
|
|a 032417893X
|
| 040 |
|
|
|a GR-PaULI
|b gre
|c GR-PaULI
|e AACR2
|
| 082 |
0 |
4 |
|a 658.84
|2 23
|
| 100 |
1 |
|
|a Kleindl, Brad Alan,
|d 1955-
|9 202024
|e συγγραφέας.
|
| 245 |
1 |
0 |
|a Strategic electronic marketing :
|b managing e-business /
|c Brad Alan Keindl.
|
| 250 |
|
|
|a 2nd ed.
|
| 260 |
|
|
|a Cleveland, Ohio :
|b Thomson/South-Western,
|c 2002.
|
| 300 |
|
|
|a xxi, 428 σ. :
|b εικ. ;
|c 24 εκ.
|
| 504 |
|
|
|a Περιλαμβάνει βιβλιογραφίες και ευρετήριο.
|
| 650 |
|
4 |
|a Τηλεαγορές
|9 182779
|
| 942 |
|
|
|2 ddc
|c BK
|
| 952 |
|
|
|0 0
|1 0
|2 ddc
|4 0
|6 658_840000000000000_KLE
|7 0
|9 308903
|a LISP
|b LISP
|c BSC
|d 2021-01-17
|e
|f
|i 42963
|l 0
|o 658.84 KLE
|p 025000306742
|r 2021-01-17 00:00:00
|t 1
|w 0000-00-00
|y BK15
|x
|x
|
| 999 |
|
|
|c 177954
|d 177954
|